[Event "CB-Emu swiss"]
[Site "?"]
[Date "2017.04.29"]
[Round "3"]
[White "Super Constellation, Novag"]
[Black "Mondial II, Mephisto"]
[Result "1-0"]
[WhiteElo "1980"]
[BlackElo "1800"]
[Annotator "Komodo 10.3 32-bit (60s)"]
[PlyCount "95"]
[EventDate "2017.??.??"]
[EventType "swiss"]

{B71: Sizilianisch (Drachen-Variante)} 1. e4 c5 2. Nf3 d6 3. d4 cxd4 4. Nxd4
Nf6 5. Nc3 g6 6. f4 {Ab hier Ende der Bücher} Bg4 {'Bekannter ist Sc6.'} 7. Be2
Bxe2 8. Qxe2 {Schwarz hat Entwicklungsrückstand} Nbd7 $4 $146 {Das ist schon
ein erster Fehler. Lg7 war angesagt.} (8... Nc6 9. Nf3 Bg7 10. O-O O-O 11. Kh1
e6 12. f5 exf5 13. exf5 Qa5 14. fxg6 hxg6 15. Bf4 Qb4 16. Qd2 d5 17. a3 Qc4 18.
Bh6 d4 19. Bxg7 Kxg7 20. Ne2 Rad8 21. Ng3 Qd5 22. Nh4 Rh8 23. Ngf5+ {Bethke,R 
(1800)-Krausse,E (2030) Vellmar GER 2016 1-0}) (8... Bg7 9. Be3 (9. O-O O-O 10.
Be3 Nbd7 11. Rad1 Nc5 12. e5 dxe5 13. Ne6 {1-0 (13) Osipov,Y (1637)-Soloviov,I
Omsk 2013}) 9... O-O 10. O-O-O Qa5 11. g4 Qa6 12. g5 Nh5 13. Kb1 Qxe2 14. Ndxe2
Nc6 15. Nd5 h6 16. f5 Kh7 17. Ng3 hxg5 18. Bxg5 f6 19. Be3 Bh6 20. fxg6+ Kxg6
21. Bxh6 Kxh6 22. Nf5+ Kh7 23. Ndxe7 {Valenti,G (2210)-Barberi,A (2125)
Corsico 1998 1-0 (37)}) (8... e5 9. fxe5 dxe5 10. Qb5+ Nbd7 11. Nf3 Qc7 12. Bg5
a6 13. Qa4 O-O-O 14. O-O-O Be7 15. Qb3 h6 16. Bxf6 Nxf6 17. Qxf7 Kb8 18. Qe6
Rde8 19. Nxe5 Bd8 20. Nd7+ Ka7 21. Qh3 Qf4+ 22. Kb1 Nxe4 23. Nxe4 {Gheng,S 
(2017)-Specht,M (1936) Germany 2010 1-0 (85)}) (8... Bg7 $142 $14 {hätte die
Niederlage vermieden}) 9. e5 $18 dxe5 10. fxe5 Ng8 {Und gleich der nächste
Fehler. Sc5 war noch spielbar} (10... Nc5 11. exf6 Qxd4 $18) 11. e6 {Schwarz
steht bereits mit dem Rücken zur Wand} fxe6 (11... Rc8 {ändert den Lauf der
Dinge nicht} 12. exd7+ Qxd7 13. Be3 $18) 12. Nxe6 Qa5 13. Bf4 {Warum nicht
Db5? 'Warum nicht Db5? Nach 13. ...Dxb5 14. Sxb5 stünde Weiss hervorragend.'}
Rc8 14. Nxf8 {Das ist ja fast schon Mitleid. Besser war 0-0-0 'Das ist ja fast
schon Mitleid. Besser war natürlich 0-0-0. Den guten Springer gegen den
unentwickelten Läufer zu tauschen ist definitiv eine Fehlkalkulation'} (14.
O-O-O $142 {entschiede die Partie sofort} Ngf6 15. Rhe1 Rxc3 16. bxc3 Qxc3 17.
Nc7+ Kd8 18. Be5 $18) 14... Kxf8 15. O-O Kg7 (15... Ndf6 $18) 16. Qe6 {
'erlaubt dem Schwarzen den frühen Damentausch und damit eine Entlastung der
Stellung. Besser war Tad1'} (16. Rad1 $142 {ließe Schwarz keine Chance} Ndf6
17. Be5 $18) 16... Qb6+ $16 17. Qxb6 Nxb6 18. Rae1 Nc4 $2 (18... Nd7 $18) 19.
b3 (19. Nd5 $5 {ginge schneller} g5 20. Bxg5 Rf8 21. Rxf8 Kxf8 $18) 19... Nb6
20. Be5+ {'Erfolgversprechender ist Le3'} (20. Nb5 $5 {und Weiß hätte es noch
leichter} Nd7 $18) 20... Nf6 21. Bd4 (21. Nb5 Rhd8 22. Bd4 Kf7 $18) 21... Rhe8
$16 22. Ne4 {'Wo ist nur der Wagemut des Superconny geblieben. Ich hätte jetzt
etwas spektakuläres wie Txe7 erwartet. Wird langsam alt, der Superconny...'} (
22. Rf2 Kg8 23. Nb5 Nbd5 $18) 22... Nbd7 23. Nxf6 {Nachdem der Superconny
nichts getan hat um seine Vorteile auszunutzen, hat sich Schwarz nahezu erholt.
} (23. c4 $142 $5 $16) 23... exf6 $11 24. c4 b6 {Es geht um c5} 25. a3 {
Die Partie ist wieder vollkommen ausgeglichen} Ne5 26. Rd1 Rcd8 27. b4 h5 {
'eine unnötige Schwächung. Kf7 war besser'} 28. c5 bxc5 29. Bxc5 Rd7 {'Hier
hätte Schwarz gut daran getan von sich aus zu tauschen...'} (29... Rxd1 $5 {
muss beachtet werden} 30. Rxd1 a6 $11) 30. Rxd7+ $16 Nxd7 31. Bd4 {'Warum der
Superconny hier nicht einfach auf a7 schlägt und sich verbundene Freibauern
schafft, ist mir unverständlich. So vorteilhaft ist die Fesselung nun auch
wieder nicht.'} (31. Bxa7 $5 Ra8 32. Bf2 Rxa3 33. Rb1 $16) 31... a6 $11 32. Rc1
Re4 {Schwarz droht Materialgewinn: Te4xd4} 33. Bb2 Ne5 {'?' 'Der Springer ware
als Bremse für die Bauern eigentlich wichtig gewesen...'} 34. Bxe5 Rxe5 {
Ein Turmendspiel ist entstanden} (34... fxe5 35. Kf2 Rf4+ 36. Ke3 $11) 35. Kf2
{'Wieder verschenkt der Superconny seine Chancen. Besser 35. Tc7+ nebst Tc6'} (
35. Rc7+ Kg8 $14) 35... Rd5 (35... Re6 36. a4 $14) 36. Ke3 {'Erneut war Tc7+
vorzuziehen.'} Re5+ {'Lässt den König freiwillig zu den Bauern...'} 37. Kf3 {
'und dann geht der nicht mal hin... grausam, das mit ansehen zu müssen...'} (
37. Kd3 Rd5+ 38. Kc3 Re5 $14) 37... Re6 38. a4 f5 (38... Kf8 39. Rc4 $11) 39.
b5 (39. h4 Re4 40. Rb1 Rxh4 $11) 39... axb5 $11 40. axb5 {Weiß hat einen neuen
Freibauern: b5.} g5 {'Was zur Hölle ist so schwer an Tb6? Der Monidal macht es
seinem Gegner nun leicht...'} (40... Rb6 41. Rb1 Kf6 42. Ke3 $11) 41. Rc6 {
Weiß droht Materialgewinn: Tc6xe6} (41. Rb1 $142 g4+ 42. Kg3 $16) 41... Kf6 $4
{'??' 'Autsch. Te4 war die letzte Chance. Nun ist es vorbei.'. wirft den
sicheren Gewinn weg} (41... Re4 $142 $11 {bringt noch Rettung}) 42. Ra6 {
'oder auch nicht. Txe6+ und Schwarz kann die Segel streichen.'} (42. Rxe6+ $142
{machte sofort alles klar} Kxe6 43. h4 $18) 42... h4 43. b6 g4+ 44. Kf2 g3+ (
44... Rd6 {hätte noch versucht werden können} 45. b7 $3 {Mattdrohung} Rxa6 $18)
45. hxg3 hxg3+ 46. Kf1 Ke5 47. b7 $3 {Mattdrohung} Rxa6 (47... -- $140 48.
b8=Q+ {Mattdrohung}) 48. b8=Q+ {'Nun ist es aber - gottseidank - wirklich
vorbei.'. . .} (48. b8=Q+ Kf6 49. Qxg3 Ra1+ 50. Kf2 Ra2+ 51. Kg1 Ra1+ 52. Kh2
$18) 1-0

[Event "CB-Emu swiss"]
[Site "?"]
[Date "2017.04.20"]
[Round "3"]
[White "Rebel 5, Mephisto"]
[Black "Elite Avantgarde 2100, Fidelity"]
[Result "0-1"]
[WhiteElo "1855"]
[BlackElo "2010"]
[Annotator "Komodo 10.3 32-bit (60s)"]
[PlyCount "86"]
[EventDate "2017.??.??"]
[EventType "swiss"]

{C42: Russische Verteidigung (Petrow)} 1. e4 e5 2. Nf3 Nf6 3. Nxe5 d6 4. Nf3
Nxe4 5. d4 d5 6. Bd3 Be7 7. O-O Nc6 8. c4 Bf5 9. cxd5 (9. Nc3 Nxc3 10. bxc3
Bxd3 11. Qxd3 dxc4 12. Qxc4 O-O 13. Qb5 Rb8 14. Re1 Bf6 15. Bf4 Qd7 16. Rab1 a6
17. Qc4 Qf5 18. Bg3 Rbc8 19. h3 h6 20. Nd2 Rfe8 21. Nf1 Na5 22. Qa4 Rxe1 23.
Rxe1 Qb5 {Vuruna,M (2310)-Manic,J (2325) Tivat 1995 1/2-1/2 (40)}) (9. Bf4 O-O
10. Nc3 Nb4 11. Bb1 Bg6 12. Re1 Nf6 13. Bxg6 hxg6 14. a3 Nc6 15. c5 Nh5 16. Be5
Bf6 17. b4 a6 18. Qd2 g5 19. Bxf6 gxf6 20. g3 Qd7 21. h4 Qg4 22. Re3 Nf4 23.
Nh2 Nh3+ {Willumsen,H (2194)-Svendsen,P (1987) Helsingor 2011 1-0 (34)}) 9...
Qxd5 10. Bxe4 $146 (10. Nc3 Nxc3 11. bxc3 Bxd3 12. Qxd3 O-O 13. Bf4 (13. Rb1 b6
14. Bf4 Qd7 15. Rfe1 Bf6 16. Re3 Ne7 17. Ne5 Bxe5 18. Bxe5 f6 19. Bg3 c6 20.
Rbe1 Nd5 21. R3e2 Rae8 22. c4 Nb4 23. Qd2 Na6 24. d5 cxd5 25. cxd5 Nc5 26. d6
Re6 27. Rxe6 Nxe6 {Vega Gutierrez,B (2233)-De La Hoz Sanchez,R (2052) Gran
Canaria 2010 1-0 (34)}) 13... Rac8 14. Rab1 b6 15. Rfe1 Bf6 16. Qb5 Qxb5 17.
Rxb5 Ne7 18. Rb3 Rfd8 19. Kf1 c5 20. Ra3 Nd5 21. Be5 Bxe5 22. Nxe5 cxd4 23.
cxd4 a5 24. Rb3 f6 {Thomas,P-Myers,P (2081) Kingston 2010 0-1 (46)}) (10. Nc3
Nxc3 11. bxc3 Bxd3 12. Qxd3 O-O $14) 10... Qxe4 (10... Bxe4 $5 11. Nc3 Bxf3 12.
Nxd5 Bxd1 13. Nxe7 Nxe7 14. Rxd1 O-O-O $15) 11. Re1 (11. d5 $5 Ne5 12. Nxe5
Qxe5 13. Re1 $14) 11... Qd3 $11 12. Qxd3 Bxd3 13. Nc3 Rd8 14. Bf4 Nxd4 15. Nxd4
Rxd4 16. Be5 {Weiß droht Materialgewinn: Le5xd4. Weiß gabelt: d4+g7} Rd7 17.
Bxg7 {Hält den König im Zentrum fest} Rg8 {Schwarz droht Materialgewinn: Tg8xg7
} 18. Bf6 Bc4 19. Bxe7 Rxe7 20. b3 Be6 21. f4 Rg4 22. g3 Rg6 23. Re5 f5 (23...
Bd7 24. Rxe7+ Kxe7 25. Kf2 $11) 24. Nb5 {Weiß droht Materialgewinn: Sb5xa7} (
24. Rae1 c6 $14) 24... a6 {Schwarz droht Materialgewinn: a6xb5} 25. Nd4 {
Fällt f5?. Weiß droht Materialgewinn: Sd4xf5} Bd7 26. Rae1 Rgg7 27. Kf2 Rgf7
28. b4 c6 {Es geht um b5} (28... Kd8 29. h3 $16) 29. h3 Kd8 30. Kf3 b6 31. g4
fxg4+ 32. hxg4 c5 33. bxc5 bxc5 34. Ne6+ {Will f5 spielen} Bxe6 35. Rxe6 a5 $4
{vergrößert seine Probleme} (35... Rxe6 $142 36. Rxe6 Rc7 $16) 36. Rxe7 $18
Rxe7 37. Rc1 (37. Rxe7 $142 {ließe Schwarz keine Chance} Kxe7 38. a4 $18) 37...
Rc7 $16 38. f5 (38. Ke4 Ke7 $16) 38... Ke7 (38... c4 $5 $11) 39. Rc4 $14 Kf6
40. Ra4 c4 41. Rxa5 $4 (41. Ke2 $142 $11 {war relativ besser}) 41... c3 $19 42.
g5+ Kxg5 43. f6+ Kxf6 (43... Kxf6 44. Ra6+ Kg7 $19) 0-1

[Event "CB-Emu swiss"]
[Site "?"]
[Date "2017.04.19"]
[Round "3"]
[White "Amsterdam, Mephisto"]
[Black "Designer 2000 Display, Fidelity"]
[Result "1-0"]
[WhiteElo "2040"]
[BlackElo "1860"]
[Annotator "Komodo 10.3 32-bit (60s)"]
[PlyCount "113"]
[EventDate "2017.??.??"]
[EventType "swiss"]

{C45: Schottische Partie} 1. e4 e5 2. Nf3 Nc6 3. d4 exd4 4. Nxd4 Bc5 5. Nb3 Bb6
6. Nc3 Nf6 7. Bg5 h6 8. Bh4 d6 9. Bc4 (9. f3 g5 10. Bg3 a6 11. Qd2 Qe7 12.
O-O-O Be6 13. h4 O-O-O 14. Kb1 Nd7 15. Bf2 Qf6 16. Bxb6 Nxb6 17. Qf2 Kb8 18.
Be2 Rhg8 19. hxg5 hxg5 20. Nd4 Nxd4 21. Rxd4 Qe5 22. Rhd1 Rh8 23. R4d2 Rh2 {
Dominguez Perez,L (2752)-Andreikin,D (2736) Novi Sad SRB 2016 0-1 (45)}) (9.
Bb5 Bd7 10. f3 g5 11. Bg3 Qe7 12. Qd2 a6 13. Bxc6 Bxc6 14. O-O-O O-O-O 15. Bf2
Nd7 16. Nd4 Bxd4 17. Bxd4 Rhe8 18. Rhe1 Ne5 19. Nd5 Bxd5 20. exd5 Qd7 21. f4
gxf4 22. Qxf4 Rg8 23. Bxe5 dxe5 {Warr-Esser,A (1883)-Den Dunnen,L (1890)
Murmansk RUS 2016 0-1 (45)}) 9... g5 10. Bg3 h5 $146 (10... Be6 11. Bxe6 (11.
Qe2 Bxc4 12. Qxc4 Qd7 13. O-O-O O-O-O 14. Na4 Ba5 15. Rhf1 Rhe8 16. f3 Ne5 17.
Bxe5 Rxe5 18. Nc3 Bb6 19. Nd4 Bxd4 20. Qxd4 Kb8 21. Kb1 Re6 22. Ne2 Ng8 23. Nc1
Ne7 24. Nb3 Nc6 25. Qd2 Qe7 {Bui,H (1376)-Pirl,N (1219) Sebnitz 2012 1/2-1/2 
(37)}) 11... fxe6 12. Qe2 Qe7 13. O-O-O O-O-O 14. Rd2 e5 15. Nd5 Nxd5 16. exd5
Nd4 17. Nxd4 Bxd4 18. Rxd4 Qf7 19. Rd3 Rdf8 20. Rhd1 h5 21. Rf3 Qg6 22. Rxf8+
Rxf8 23. f3 h4 24. Bf2 a6 25. Rd2 {Mueller,R-Haeusler,F Sebnitz 2004 1-0 (64)})
(10... Qe7 $5 $11) 11. h4 $14 gxh4 $2 (11... g4 $142 $14 {und Schwarz spielt
mit}) 12. Bxh4 $18 Be6 $2 (12... Qe7 13. Qe2 Qe5 14. O-O-O Qf4+ 15. Kb1 $18)
13. Nd5 (13. Bb5 $142 $5 {ist genauer} Bxb3 14. axb3 Qe7 $18) 13... Bxd5 14.
Bxd5 Qe7 15. Qf3 Rh6 16. Bg5 $4 {vergibt den Vorteil} (16. O-O-O $142 {Weiß
hätte nun das bessere Spiel} Ne5 17. Qf4 $18) 16... Rg6 $16 17. Rxh5 O-O-O 18.
Qf5+ (18. O-O-O Ne5 19. Qf5+ Ned7 $16) 18... Kb8 19. Bxc6 (19. O-O-O Rdg8 20.
Kb1 Nd8 $16) 19... bxc6 $14 20. f3 {Punkt g4} Rdg8 (20... d5 21. O-O-O Rdg8 22.
Kb1 $16) 21. g4 $16 Qe5 $2 (21... Rf8 $142 $16) 22. Qxe5 $1 $18 dxe5 23. Bxf6
Rxf6 24. Ke2 Re6 (24... Rd6 25. c4 Bd4 26. c5 $18) 25. a4 a5 (25... a6 {
nützt auch nichts mehr} 26. Rah1 $18) 26. c4 (26. Rah1 $142 $5 {ginge schneller
} f6 $18) 26... c5 27. Rd1 Rge8 (27... Ba7 28. Nxa5 Kc8 29. Nb3 $18) 28. Rd7 (
28. Rd5 {lässt dem Gegner kaum Chancen} Kc8 $18) 28... R6e7 (28... f6 29. Rh6
Rd6 30. Rxd6 cxd6 31. Nc1 $18) 29. Rxe7 Rxe7 30. Nc1 (30. Rh6 {damit würde
Weiß es sich noch erleichtern} Kb7 31. Nc1 c6 $18) 30... f6 (30... c6 {hilft
auch nicht mehr} 31. Nd3 f6 32. Rh6 $18) 31. g5 (31. Nd3 $142 $5 {erleichterte
Weiß die Gewinnführung} Rg7 32. Rh6 Rf7 $18) 31... fxg5 32. Rxg5 c6 33. Nd3 Bc7
34. Nxc5 Ka7 35. Nd3 (35. Rg6 {wäre im Gewinnsinne präziser} Kb6 36. Nd3 Re8
$18) 35... Ka6 (35... Kb8 {ändert nichts mehr} 36. c5 Re8 37. b3 $18) 36. c5
Kb7 37. Ke3 (37. b3 $142 {und Weiß hätte es noch leichter} Re8 $18) 37... Kc8 (
37... Re8 $18 {ist ein letzter Versuch}) 38. Rg6 Kd7 39. b4 Re6 (39... axb4 {
hilft allerdings auch nicht} 40. Nxb4 Rh7 41. Nxc6 $18) 40. Rg7+ Kc8 41. Rg8+
Kb7 42. b5 cxb5 43. axb5 a4 (43... Re7 {ändert den Lauf der Dinge nicht} 44.
Rg6 $18) 44. Rg7 Kc8 45. b6 Bd8 46. b7+ Kb8 47. Rg8 (47. Nb4 $142 $18 {machte
sofort alles klar}) 47... Kxb7 48. Rxd8 Kc6 (48... Rh6 49. Nb4 a3 50. c6+ Kb6
$18) 49. Rb8 a3 50. Ra8 Kb5 51. Rxa3 Re8 52. Rb3+ Ka6 53. c6 Ka5 54. c7 Rc8 55.
Rb7 Ka6 (55... Ka4 {macht keinen großen Unterschied} 56. Nc5+ Ka5 57. Kd3 Rxc7
58. Rxc7 Kb4 59. Nd7 Kb3 60. Rb7+ Ka4 61. Kc2 Ka5 62. Nb8 Ka4 63. Nc6 Ka3 64.
Ra7#) 56. Nc5+ $18 Ka5 57. Kd3 (57. Kd3 Rxc7 58. Rxc7 Kb6 59. Ne6 Kb5 60. Kc3
Ka6 61. Kc4 Kb6 62. Kb4 Ka6 63. Kc5 Ka5 64. Ra7#) 1-0

[Event "CB-Emu swiss"]
[Site "?"]
[Date "2017.05.02"]
[Round "3"]
[White "Designer 2000, Fidelity"]
[Black "Academy, Mephisto"]
[Result "0-1"]
[WhiteElo "1860"]
[BlackElo "2040"]
[Annotator "Komodo 10.3 32-bit (60s)"]
[PlyCount "91"]
[EventDate "2017.??.??"]
[EventType "swiss"]

{E51: Nimzoindisch (Moderne Variante)} 1. d4 Nf6 2. c4 e6 3. Nc3 Bb4 4. e3 d5
5. a3 Be7 6. Nf3 O-O 7. Bd3 {erster berechneter Zug Weiss} b6 8. O-O c5 9. Bd2
$146 (9. Qe2 Bb7 10. Rd1 Nbd7 11. cxd5 exd5 12. Bd2 Bd6 13. Ba6 Qc8 14. Bxb7
Qxb7 15. dxc5 bxc5 16. Qb5 Qc7 17. Qa6 Nb8 18. Qd3 Qb7 19. Be1 Rd8 20. Qb5 Qe7
21. Kh1 a6 22. Qb3 c4 23. Qa4 Nbd7 {Wild,R (2265)-Hornung,H (2245) Bayern 2000
1-0 (41)}) (9. b3 Bb7 (9... Nc6 10. Bb2 cxd4 11. exd4 Ba6 12. Rc1 Rc8 13. Nb5
Bb7 14. Re1 Re8 15. Nc3 Bf8 16. Ne2 Ne4 17. Ng3 Nxg3 18. hxg3 dxc4 19. bxc4 Nb8
20. d5 Nd7 21. dxe6 Rxe6 22. Rxe6 fxe6 23. Qc2 Bxf3 24. Bxh7+ {Szabo,L-Keres,P
Helsinki 1952 1-0 (35)}) 10. Bb2 Nbd7 11. cxd5 Nxd5 12. Nxd5 Bxd5 13. Qc2 h6
14. e4 Bb7 15. Rfd1 Qc7 16. Qe2 Qf4 17. Rac1 Rad8 18. dxc5 Nxc5 19. Be5 Qg4 20.
h3 Qg6 21. Bc2 Rxd1+ 22. Rxd1 Bxe4 23. Bxe4 Qxe4 {Ivanov,S (2572)-Jakovenko,D 
(2608) Sochi 2005 0-1 (57)}) (9. cxd5 exd5 10. dxc5 bxc5 11. e4 dxe4 12. Nxe4
Ba6 13. Bxa6 Nxa6 14. Ng3 Nc7 15. Qc2 Ne6 16. Rd1 Qc8 17. Nf5 Re8 18. b3 Qb7
19. Bb2 Qe4 20. Rac1 Rab8 21. Qxe4 Nxe4 22. Rd7 Bf8 23. Rxa7 Rxb3 {Smyslov,
V-Keres,P Moscow 1949 1/2-1/2 (70)}) (9. dxc5 bxc5 10. cxd5 exd5 $14) 9... Bb7
{erster berechneter Zug Schwarz} 10. cxd5 exd5 11. dxc5 {Ob es sinnvoll ist
dem Schwarzen so ein starkes Zentrum zu überlassen sei dahingestellt...} bxc5
12. Qb3 Ba6 (12... Bc6 13. Qd1 $11) 13. Bxa6 Nxa6 14. Qc2 Rb8 15. Ne5 {Scheint
mir etwas zu mutig zu sein. Tfd1 sieht besser aus.} (15. Ne2 Bd6 $11) 15... Qb6
16. Rab1 Bd6 (16... Rfe8 17. Rfd1 $11) 17. f4 (17. Nf3 Rfe8 $11) 17... Rfd8 (
17... Qb7 18. Be1 $11) 18. b3 (18. Qf5 c4 $15) 18... Bxe5 (18... Re8 19. Nf3
$15) 19. fxe5 $17 Ng4 20. Qf5 Qe6 21. Qxe6 (21. e4 d4 22. Nd5 Re8 $15) 21...
fxe6 $17 22. e4 d4 23. Ne2 Rb5 (23... Rb7 24. Bf4 $15) 24. a4 $2 (24. Bf4 $142
$5 $11 {ist bedenkenswert}) 24... Rb7 $17 25. Nf4 {Weiss will den schwachen
Doppelbauern günstig auflösen. Trotzdem erscheint mir Lf4 an dieser Stelle
besser.} Re8 (25... Nxe5 26. Nxe6 Re8 27. Nf4 $17) 26. Nd3 Reb8 27. Rfc1 $2 {
Der rückständige Bauer c5 wird angegriffen. Der b-Turm hätte mir hier besser
gefallen. Die folgende Abtauschaktion erhöht den schwarzen Vorteil.} (27. Rbc1
$142 $15 {damit wäre Weiß im Spiel geblieben}) 27... Rxb3 $19 28. Rxb3 Rxb3 29.
Nxc5 Nxc5 30. Rxc5 Rb1+ 31. Rc1 Rxc1+ 32. Bxc1 Nxe5 {sofortiges d3 wäre noch
etwas stärker gewesen} 33. Kf1 d3 34. Ke1 (34. Bb2 Nc4 35. Bd4 a6 $19) 34...
Nc4 35. h4 $6 {ist nicht geeignet, Widerstand zu leisten} (35. Bg5 $19) 35...
Kf7 36. g4 (36. Bf4 {ändert nichts am Ausgang der Partie} e5 37. Bd2 a6 $19)
36... Kf6 (36... Ke7 $142 {und Schwarz gewinnt} 37. e5 Kd7 38. Bd2 $19) 37. Bf4
a6 $1 {sehr gut gespielt.} 38. Kd1 (38. Bc7 $19 {ist ein letzter Strohhalm})
38... e5 39. Bg5+ Ke6 40. a5 (40. Bd2 Nxd2 41. Kxd2 $19) 40... Nd6 41. Kd2
Nxe4+ 42. Kxd3 Nxg5 43. hxg5 Kf7 44. Ke4 Kg6 45. Ke3 Kxg5 46. Kf3 {und an
dieser Stelle zugunsten von Schwarz abgeschätzt. Der Designer kann nicht
verhindern, dass ein schwarzer Bauer durchkommt.} 0-1

[Event "CB-Emu swiss"]
[Site "?"]
[Date "2017.05.02"]
[Round "3"]
[White "Super Expert A, Novag"]
[Black "Excellence EP12, Fidelity"]
[Result "1-0"]
[WhiteElo "2060"]
[BlackElo "1880"]
[Annotator "Komodo 10.3 32-bit (60s)"]
[PlyCount "78"]
[EventDate "2017.??.??"]
[EventType "swiss"]

{E11: Damenindisch (Bogoljubow-Variante)} 1. d4 Nf6 2. c4 e6 3. Nf3 Bb4+ 4. Bd2
a5 5. g3 O-O 6. Bg2 d5 7. Qc2 Nc6 8. O-O {Ab hier Ende des Buchwissens beider
Geräte} dxc4 9. Qxc4 Qd5 10. Qd3 (10. Rc1 Rd8 11. Qxd5 Nxd5 12. a3 Be7 13. Nc3
Nxc3 14. Bxc3 a4 15. e3 Bd7 16. Be1 Bd6 17. Bc3 Na7 18. Ne1 Bc6 19. Nd3 Bxg2
20. Kxg2 Nb5 21. Be1 c6 22. Rc4 f6 23. Kf1 e5 24. dxe5 Bxe5 {Mikhalevski,V 
(2569)-Hebert,J (2414) Toronto 2011 1/2-1/2 (50)}) 10... Bxd2 11. Nbxd2 $146 (
11. Qxd2 Rd8 12. Rd1 Qh5 13. Qc1 Bd7 14. Nc3 e5 15. dxe5 Ng4 16. Qg5 Qxg5 17.
Nxg5 Ngxe5 18. Nge4 Bg4 19. h3 Be6 20. Nc5 Rxd1+ 21. Rxd1 Rd8 22. Nxb7 Rxd1+
23. Nxd1 Nd4 24. Nc3 a4 25. Nc5 Bc4 {Paunovic,D (2455)-Vukovic,Z (2395)
Kladovo 1991 1-0}) 11... Nb4 {Tja, die beste Variante hat sich der EP12 hier
nicht herausgesucht... Er kam leider schon schlechter aus der Eröffnung.} (
11... Rd8 12. e3 $16) 12. Qb1 {Dc3 dürfte etwas stärker sein.} Bd7 {Im Kampf
um den Ausgleich war c5 die bessere Wahl} 13. Rc1 Bb5 $2 {Bereits früh in der
Partie ein böser Fehler. Schwarz unterschätzt die Kraft des Lg2. Besser war
Lc6.} (13... Bc6 $5 $14 {ist zu prüfen}) 14. Rc5 $16 Qd7 15. Ne5 Qe8 16. Bxb7
Rb8 17. Bf3 Rd8 (17... Nfd5 18. a3 Na6 19. Rc1 $18) 18. Rxc7 Na6 $2 {Besser
ist hier Txd4} (18... Rxd4 19. Nb3 Rd6 20. Qc1 $18) 19. Bc6 (19. Rb7 {damit
würde Weiß es sich noch erleichtern} Nd5 $18) 19... Bxc6 20. Rxc6 Nb4 (20...
Ng4 21. Ndf3 Nxe5 22. Nxe5 $18) 21. Rc4 Nd7 22. Nxd7 Qxd7 23. e4 {Besser wäre
es den Schwarzen beschäftigt zu haalten, z.B. mit a3} (23. a3 Nd5 $18) 23... f5
24. Nb3 (24. exf5 Nc6 25. fxe6 Qxe6 $18) 24... Qb5 (24... Qf7 25. f4 Rc8 26.
Rc3 $16) 25. Rc5 Qe2 (25... Qb6 26. a4 f4 27. Qf1 $16) 26. exf5 $18 a4 (26...
Rxf5 27. Qe1 Qxe1+ 28. Rxe1 Rxc5 29. Nxc5 Rxd4 30. a3 $18) 27. Re5 $1 Qc2 {
27. ...Df3 28. Sd2 wäre die Alternative gewesen.} (27... Qd3 28. fxe6 Qxb1+ 29.
Rxb1 axb3 30. a3 Rxd4 31. axb4 Rxb4 32. Rbe1 $18) 28. Nc5 exf5 {erneut ein
Fehler. Txf5 musste geschehen..} (28... Rxf5 29. Rxf5 exf5 $18) 29. Ne6 Qxb1+
30. Rxb1 Nc6 31. Rc5 Nxd4 32. Nxf8 Rxf8 33. Rd1 Ne6 34. Re5 Ng5 35. Re7 g6 36.
Rdd7 Rb8 (36... Nf7 {macht keinen großen Unterschied} 37. Ra7 $18) 37. h4 Ne4
38. Rg7+ Kf8 (38... Kh8 {ist vielleicht ein Schwindelversuch} 39. Rxh7+ Kg8 40.
Rdg7+ Kf8 41. Rf7+ Kg8 42. Rhg7+ Kh8 43. Rxg6 Rb5 $18) 39. Rdf7+ Ke8 1-0